¿Democracia en Costa Rica? cinco opiniones polémicas /
Guardado en:
| Hovedforfatter: | |
|---|---|
| Andre forfattere: | , , , |
| Format: | Texto |
| Udgivet: |
San José :
|
| Tags: |
Tilføj Tag
Ingen Tags, Vær først til at tagge denne postø!
|
MARC
| LEADER | 00000 a a2200000 04500 | ||
|---|---|---|---|
| 001 | 16435 | ||
| 003 | |||
| 040 | |||
| 090 | |a 197400 | ||
| 100 | |a Zelaya Goodman, Chester | ||
| 245 | |a ¿Democracia en Costa Rica? cinco opiniones polémicas / |c Chester Zelaya Goodman | ||
| 260 | |a San José : | ||
| 300 | |a 249 p | ||
| 700 | |a Aguilar Bulgarelli | ||
| 700 | |a Camacho Monge, Daniel | ||
| 700 | |a Cerdas, Rodolfo | ||
| 700 | |a Schifter Sikora, Jacobo | ||
| 999 | |c 10636 |d 10636 | ||
